Chemistry of the solid-water interface : processes at the mineral-water and particle-water interface in natural systems

Αποθηκεύτηκε σε:
Λεπτομέρειες βιβλιογραφικής εγγραφής
Κύριος συγγραφέας: Stumm, Werner 1924-
Άλλοι συγγραφείς: Sigg, Laura, Sulzberger, Barbara
Μορφή: Βιβλίο
Γλώσσα:English
Δημοσίευση: New York : John Wiley and sons, c1992
Σειρά:A Wiley-Interscience publication
Θέματα:
Ετικέτες: Προσθήκη ετικέτας
Δεν υπάρχουν, Καταχωρήστε ετικέτα πρώτοι!

MARC

LEADER 00000nam a2200000 i 4500
001 1/17005
008 980827s1992 eng d
020 |a 0-471-57672-7 
035 |l 10020401 
040 |a GR-MY-UA  |b gre  |e aacr 
041 0 |a eng 
082 0 |a 551.46 
100 1 |a Stumm, Werner  |d 1924- 
245 1 0 |a Chemistry of the solid-water interface :  |b processes at the mineral-water and particle-water interface in natural systems /  |b with contributions by Laura Sigg (chapter 11) and Barbara Sulzberger (chapter 10)  |c Werner Stumm : 
260 |a New York :   |b John Wiley and sons,   |c c1992 
300 |a 428 p. 
490 1 |a A Wiley-Interscience publication 
504 |a Includes bibliographical references and index 
650 0 0 |a Water chemistry. 
650 0 0 |a Surface chemistry. 
700 0 |a Sigg, Laura. 
700 0 |a Sulzberger, Barbara. 
830 0 |a A Wiley-Interscience publication 
852 |a INST  |b LESVOS  |e 19980827  |h 551.46 STU  |p 005100013175  |q 005100013175  |t BK  |y 0 
901 |a BIBL-1998-3 
909 |a Λ  |b 059076 
922 |a 1ΕΛΗ  |b 199808  |c ΚΠΣ/ΤΠ  |d ΠΑΠΑΣΩΤΗΡΙΟΥ 
950 |a 107-1998-06-03